000
00180 a2200097 4500
020
_a
9780316273978
041
_a
eng
100
_a
James Patterson
245
_a
Haunted
942
_c
BK
999
_c
30555
_d
30553